000 00426nam a2200169Ia 4500
003 OSt
005 20260324094237.0
008 211028s2019 xx 000 0 und d
040 _cAIMIT LIBRARY
041 _aeng
100 _aShetty, Thripthi S; Vanitha, T.
_g161780
_95448
110 _aSuman Lasrado
_95449
245 _aFind your future /
260 _aMangalore
_c2019
710 _aEbix.biz
_95450
942 _2ddc
_cPRO
999 _c217909
_d217909